000
00313nam a2200109Ia 4500
008
200302s9999 xx 000 0 und d
100
_a
Nancy E.Joyce
245
_a
Building Stata/The Design and Construction of Frank O.Gerys Stata Center at MIT
260
_b
The MIT Press Cambridge
260
_c
2004
300
_a
137
999
_c
3645
_d
3645